Finančný výkon rýchlo rastúcich startupov

Výskyt startupov s extrémnym rastom na slovenskej startupovej scéne. Opis a analýza startupov prechádzajúcich exponenciálnym rastom. Príčiny exponenciálneho rastu a jeho dôsledky vo vybraných finančných ukazovateľoch.

Saved in:
Bibliographic Details
Main Author: Hyránek, Eduard, 1955-
Other Authors: Slávik, Štefan, 1955-
Format: Book Chapter
Language:Slovak
Subjects:
Tags: Add Tag
No Tags, Be the first to tag this record!

MARC

LEADER 00000naa a2200000 4500
001 0271756
005 20240502083827.3
041 0 |a slo 
044 |a CZ 
245 1 0 |a Finančný výkon rýchlo rastúcich startupov  |c Eduard Hyránek, Štefan Slávik 
520 |a Výskyt startupov s extrémnym rastom na slovenskej startupovej scéne. Opis a analýza startupov prechádzajúcich exponenciálnym rastom. Príčiny exponenciálneho rastu a jeho dôsledky vo vybraných finančných ukazovateľoch. 
610 2 0 |a start-up 
610 2 0 |a internacionalizácia 
610 2 0 |a investície 
610 2 0 |a výkonnosť 
100 1 |a Hyránek, Eduard, 1955- 
700 1 |a Slávik, Štefan, 1955-